[Event "XXXI Memorial Edoardo Crespi A"]
[Site "Milano ITA"]
[Date "2010.12.04"]
[Round "1"]
[White "Facchetti, Gianni"]
[Black "Formento, Paolo"]
[WhiteElo "2154"]
[BlackElo "1976"]
[Result "0-1"]
[PlyCount "124"]
[EventDate "2010.12.04"]

1. e4 e5 2. Nf3 Nc6 3. Bc4 Be7 4. c3 Nf6 5. Qe2 O-O 6. O-O d6 7. Bb3 Bg4 8. d3
Nd7 9. h3 Bh5 10. g4 Bg6 11. Be3 Nb6 12. Nbd2 Na5 13. Bc2 f6 14. Nh4 Bf7 15.
Nf5 Be6 16. Nxe7+ Qxe7 17. b4 Nc6 18. Bb3 Rfd8 19. Nf3 Qf7 20. Bxe6 Qxe6 21. b5
Ne7 22. c4 g5 23. Nd2 Ng6 24. Rfd1 Na4 25. Rac1 Nc5 26. Nf1 Qd7 27. Ng3 Nh4 28.
Nh5 Qe7 29. f3 Ne6 30. Kf2 c5 31. a4 a5 32. bxa6 bxa6 33. Rb1 Rdb8 34. Qc2 Kf7
35. Rb2 Nd8 36. Rdb1 Rxb2 37. Rxb2 Nc6 38. Qb1 Nb4 39. Rxb4 cxb4 40. a5 Ng6 41.
Qxb4 Nf4 42. Nxf4 gxf4 43. Bb6 h5 44. Ke2 hxg4 45. hxg4 Rh8 46. Bf2 Qd7 47. d4
Rh1 48. d5 Ra1 49. c5 dxc5 50. Bxc5 Ra4 51. Qb6 Qb5+ 52. Qxb5 axb5 53. Bb6 Ra3
54. Kd2 Rxf3 55. a6 Ra3 56. a7 Ke8 57. Kc2 Kd7 58. Kb2 b4 59. Bc5 f3 60. Bxb4
Rxa7 61. Be1 Ra4 62. Kc1 Ra2 0-1

[Event "XXXI Memorial Edoardo Crespi A"]
[Site "Milano ITA"]
[Date "2010.12.04"]
[Round "1"]
[White "Gagliardi, Christian"]
[Black "D'Alessio, Angelo"]
[WhiteElo "2188"]
[BlackElo "2030"]
[Result "1-0"]
[PlyCount "95"]
[EventDate "2010.12.04"]

1. e4 e6 2. d4 d5 3. Nc3 Bb4 4. e5 c5 5. Bd2 cxd4 6. Nb5 Bc5 7. Qg4 Ne7 8. b4
a6 9. bxc5 axb5 10. Qxg7 Rg8 11. Qxh7 Qc7 12. Nf3 Qxc5 13. Qd3 Nbc6 14. Qxb5
Qxb5 15. Bxb5 Rxg2 16. Bg5 Ra3 17. Kf1 Rg4 18. h3 Re4 19. Bd3 Ng6 20. Bxe4 dxe4
21. Nd2 b6 22. Nxe4 Ba6+ 23. Kg2 Ncxe5 24. Rhd1 Nf3 25. Bc1 Nfh4+ 26. Kh2 Ra5
27. Bd2 Ra4 28. a3 f5 29. Ng5 Ke7 30. f4 Kf6 31. Kg3 Rc4 32. Ra2 e5 33. fxe5+
Kxe5 34. Re1+ Kd5 35. Re6 f4+ 36. Kf2 Rc6 37. Rxc6 Kxc6 38. Rb2 Bc4 39. a4 Nf5
40. Nf3 Kc5 41. Rb1 Ne3 42. c3 dxc3 43. Bxc3 Bd3 44. Bd4+ Kd5 45. Rxb6 Nc2 46.
Bc3 Kc5 47. Rf6 Ne3 48. Bd4+ 1-0

[Event "XXXI Memorial Edoardo Crespi A"]
[Site "Milano ITA"]
[Date "2010.12.04"]
[Round "1"]
[White "Garano, Nicola"]
[Black "Radice, Luca"]
[WhiteElo "2171"]
[BlackElo "2001"]
[Result "1-0"]
[PlyCount "79"]
[EventDate "2010.12.04"]

1. e4 e6 2. d4 d5 3. Nc3 Bb4 4. exd5 exd5 5. Qf3 Nc6 6. Bb5 Nge7 7. a3 Bxc3+ 8.
Qxc3 O-O 9. Bf4 Bf5 10. O-O-O a6 11. Be2 Qb8 12. g4 Bd7 13. Qg3 Rc8 14. Bd3 b5
15. Re1 Qb6 16. Nf3 Ng6 17. h4 Nxf4 18. Qxf4 f6 19. g5 Rf8 20. Rhg1 f5 21. h5
b4 22. a4 b3 23. c3 Nd8 24. h6 Ne6 25. Qe5 Qd6 26. c4 Qxe5 27. Rxe5 Nf4 28. Bf1
c5 29. cxd5 cxd4 30. Nxd4 Rac8+ 31. Kb1 Bxa4 32. Bxa6 Ra8 33. Bc4 Rfc8 34. Rc1
Bd7 35. d6+ Kf8 36. hxg7+ Kxg7 37. Re7+ Kg6 38. Rxd7 Ra4 39. Bf7+ Kxg5 40. Nf3+
1-0

[Event "XXXI Memorial Edoardo Crespi A"]
[Site "Milano ITA"]
[Date "2010.12.04"]
[Round "1"]
[White "Gonella, Daniele"]
[Black "Gikas, Andreas Basilius"]
[WhiteElo "2003"]
[BlackElo "2182"]
[Result "0-1"]
[PlyCount "40"]
[EventDate "2010.12.04"]

1. e4 Nf6 2. e5 Nd5 3. c4 Nb6 4. d4 d6 5. exd6 cxd6 6. Nc3 g6 7. b3 Bg7 8. Bb2
O-O 9. g3 Nc6 10. Nge2 Bg4 11. Qd3 Nb4 12. Qb1 Bf5 13. Ne4 d5 14. cxd5 Rc8 15.
N2c3 N6xd5 16. a3 Nxc3 17. Bxc3 Rxc3 18. axb4 Qxd4 19. Bg2 Qxb4 20. Ra4 Rc1+
0-1

[Event "XXXI Memorial Edoardo Crespi A"]
[Site "Milano ITA"]
[Date "2010.12.04"]
[Round "1"]
[White "Gori, Andrea"]
[Black "Manca, Federico"]
[WhiteElo "2116"]
[BlackElo "2405"]
[Result "0-1"]
[PlyCount "68"]
[EventDate "2010.12.04"]

1. e4 e5 2. Nf3 Nc6 3. Bb5 a6 4. Ba4 Nf6 5. O-O Be7 6. Re1 b5 7. Bb3 d6 8. c3
O-O 9. h3 Na5 10. Bc2 c5 11. d4 Qc7 12. Nbd2 Bd7 13. d5 c4 14. Nf1 Nb7 15. g4
h5 16. g5 Nh7 17. h4 g6 18. Ne3 f6 19. gxf6 Rxf6 20. Ng5 Nxg5 21. hxg5 Rf4 22.
Ng2 Bg4 23. Qd2 Bxg5 24. Nxf4 Bxf4 25. Re3 Rf8 26. Qe1 Qd7 27. a4 Nc5 28. axb5
axb5 29. Rg3 Bxg3 30. fxg3 Bh3 31. Kh2 Bf1 32. g4 Qxg4 33. Qg3 Qxg3+ 34. Kxg3
Bd3 0-1

[Event "XXXI Memorial Edoardo Crespi A"]
[Site "Milano ITA"]
[Date "2010.12.04"]
[Round "1"]
[White "Herman, Matthew J."]
[Black "David, Alberto"]
[WhiteElo "2149"]
[BlackElo "2587"]
[Result "1-0"]
[PlyCount "79"]
[EventDate "2010.12.04"]

1. e4 c5 2. Nf3 e6 3. d4 cxd4 4. Nxd4 a6 5. Bd3 Bc5 6. Nb3 Be7 7. f4 d6 8. Be3
Nf6 9. N1d2 Nc6 10. Qf3 Nb4 11. g4 Qc7 12. g5 Nd7 13. Ke2 b6 14. a3 Nxd3 15.
cxd3 Bb7 16. Rac1 Qd8 17. Nd4 Rc8 18. h4 g6 19. Rcf1 e5 20. fxe5 Nxe5 21. Qf4
O-O 22. h5 Qd7 23. Rfg1 Rfe8 24. hxg6 fxg6 25. Nf5 Bf8 26. Bd4 Nc6 27. Bc3 d5
28. Qh4 Rc7 29. Ng7 Qxg7 30. Bxg7 Rxg7 31. Kd1 Ne5 32. Rg3 Rc8 33. d4 Nc4 34.
Nxc4 Rxc4 35. e5 Bc5 36. Rg4 Bxa3 37. bxa3 Rgc7 38. Re1 Bc6 39. Ke2 Bb5 40. Kf2
1-0

[Event "XXXI Memorial Edoardo Crespi A"]
[Site "Milano ITA"]
[Date "2010.12.04"]
[Round "1"]
[White "Lapiccirella, Mattia"]
[Black "Ricci, Marco"]
[WhiteElo "2212"]
[BlackElo "2061"]
[Result "0-1"]
[PlyCount "118"]
[EventDate "2010.12.04"]

1. d4 Nf6 2. c4 g6 3. Nc3 Bg7 4. e4 d6 5. Be2 O-O 6. Nf3 e5 7. d5 a5 8. Bg5 Na6
9. Nd2 Bd7 10. O-O Qe8 11. b3 Kh8 12. a3 Ng8 13. Rc1 Bh6 14. Bxh6 Nxh6 15. Nb5
Qe7 16. Nf3 f5 17. exf5 gxf5 18. Qd2 Nf7 19. Rfd1 Nc5 20. Qb2 c6 21. Nc3 Rg8
22. b4 axb4 23. axb4 Na4 24. Nxa4 Rxa4 25. Ra1 Rga8 26. Rxa4 Rxa4 27. Ra1 cxd5
28. cxd5 Rxa1+ 29. Qxa1 Qd8 30. Qc3 Qc8 31. Qxc8+ Bxc8 32. Nd2 Bd7 33. Nc4 Kg7
34. Nb6 Be8 35. Bh5 Kf6 36. Kf1 e4 37. f4 exf3 38. gxf3 Ke5 39. Bxf7 Bxf7 40.
Kf2 Kf4 41. Nc4 Bxd5 42. Nxd6 Bc6 43. h3 Bd5 44. h4 h6 45. b5 h5 46. b6 Bc6 47.
Nf7 Bxf3 48. Nh8 Bd5 49. Ng6+ Kg4 50. Ke3 Ba2 51. Ne5+ Kg3 52. Ng6 Kg4 53. Ne5+
Kg3 54. Ng6 Bd5 55. Nf4 Bf3 56. Ne6 Bg4 57. Nf4 Kxh4 58. Kf2 Bd1 59. Ng2+ Kg5
0-1

[Event "XXXI Memorial Edoardo Crespi A"]
[Site "Milano ITA"]
[Date "2010.12.04"]
[Round "1"]
[White "Marinone, Lucio"]
[Black "Pechy, Alaster"]
[WhiteElo "2011"]
[BlackElo "2187"]
[Result "0-1"]
[PlyCount "102"]
[EventDate "2010.12.04"]

1. d4 Nf6 2. c4 g6 3. Nc3 d5 4. Nf3 Bg7 5. Qb3 dxc4 6. Qxc4 O-O 7. e4 c6 8. Qb3
Nbd7 9. e5 Nd5 10. Nxd5 cxd5 11. Be2 Nb8 12. O-O Nc6 13. Bd2 Rb8 14. Rac1 Bg4
15. Qa4 Bxf3 16. Bxf3 b5 17. Qa6 Nxd4 18. Ba5 Nxf3+ 19. gxf3 Qd7 20. Rc7 Qf5
21. Rxa7 Bxe5 22. Bc7 Qg5+ 23. Kh1 Bxc7 24. Rxc7 Qe5 25. Rfc1 Qxb2 26. R1c2
Qb1+ 27. Rc1 Qf5 28. Rxe7 Qxf3+ 29. Kg1 Qg4+ 30. Kf1 Rbc8 31. Rc6 Rxc6 32. Qxc6
Qc4+ 33. Qxc4 bxc4 34. Rd7 Ra8 35. Rxd5 Rxa2 36. Rc5 Rc2 37. Kg2 Kf8 38. Kf3
Ke7 39. Ke3 h5 40. h4 Kd6 41. Rc8 c3 42. Rc4 Rc1 43. Kd3 f6 44. f4 Ke6 45. Ke3
Kf5 46. Kf3 c2 47. Rc5+ Ke6 48. Ke2 Rh1 49. Rxc2 Rh2+ 50. Kd3 Rxc2 51. Kxc2 Kf5
0-1

[Event "XXXI Memorial Edoardo Crespi A"]
[Site "Milano ITA"]
[Date "2010.12.04"]
[Round "1"]
[White "Massironi, Marco"]
[Black "Rota, Simone"]
[WhiteElo "2185"]
[BlackElo "2006"]
[Result "1/2-1/2"]
[PlyCount "83"]
[EventDate "2010.12.04"]

1. e4 c5 2. Nf3 d6 3. d4 cxd4 4. Nxd4 Nf6 5. Nc3 e6 6. Be3 Be7 7. g4 h6 8. h3
a6 9. Bg2 Qc7 10. Qd2 Bd7 11. O-O-O Nc6 12. Nxc6 Bxc6 13. Bd4 e5 14. Be3 O-O-O
15. Nd5 Bxd5 16. exd5 Nd7 17. Kb1 Kb8 18. Rhe1 Rc8 19. Rc1 Ka8 20. c4 Qd8 21.
Rc3 Qf8 22. Rec1 f5 23. gxf5 Qxf5+ 24. Qc2 Qxc2+ 25. R1xc2 Kb8 26. b4 b6 27.
Ra3 Ka7 28. Bf1 Nb8 29. Rb3 Nd7 30. a4 Kb7 31. Bg2 Kc7 32. f4 Rb8 33. Ka2 Rhf8
34. fxe5 Nxe5 35. Bd4 Bf6 36. c5 bxc5 37. bxc5 Rxb3 38. cxd6+ Kxd6 39. Bc5+ Kd7
40. Bxf8 Rb8 41. Bc5 Nd3 42. Ba3 1/2-1/2

[Event "XXXI Memorial Edoardo Crespi A"]
[Site "Milano ITA"]
[Date "2010.12.04"]
[Round "1"]
[White "Mazzariol, Oscar"]
[Black "Bellia, Fabrizio"]
[WhiteElo "2089"]
[BlackElo "2399"]
[Result "0-1"]
[PlyCount "44"]
[EventDate "2010.12.04"]

1. e4 e5 2. Nf3 Nc6 3. Bb5 a6 4. Ba4 Nf6 5. Qe2 b5 6. Bb3 Bc5 7. a4 Rb8 8. axb5
axb5 9. Nc3 O-O 10. O-O d6 11. Nd5 Bg4 12. c3 Nxd5 13. Bxd5 Ne7 14. Ba2 Ng6 15.
b4 Nh4 16. d3 Bb6 17. Kh1 Qf6 18. Bg5 Qxg5 19. Nxg5 Bxe2 20. Rfe1 Bxd3 21. Kg1
h6 22. Nf3 Nxf3+ 0-1

[Event "XXXI Memorial Edoardo Crespi A"]
[Site "Milano ITA"]
[Date "2010.12.04"]
[Round "1"]
[White "Mertens, Heiko"]
[Black "Barberi, Alessandro"]
[WhiteElo "2320"]
[BlackElo "2077"]
[Result "1-0"]
[PlyCount "46"]
[EventDate "2010.12.04"]

1. e4 c5 2. Nf3 d6 3. d4 cxd4 4. Nxd4 Nf6 5. Nc3 g6 6. f4 Nc6 7. Nxc6 bxc6 8.
e5 dxe5 9. Qxd8+ Kxd8 10. fxe5 Nd5 11. Bd2 Bg7 12. O-O-O Be6 13. Ne4 Ke8 14.
Nc5 Bf5 15. Ba6 Rb8 16. Bb7 Rxb7 17. Nxb7 Bxe5 18. b3 f6 19. Na5 Bd7 20. Nc4
Bb8 21. Ne3 Kf7 22. g3 h5 23. c4 Bf5 1-0

[Event "XXXI Memorial Edoardo Crespi A"]
[Site "Milano ITA"]
[Date "2010.12.04"]
[Round "1"]
[White "Nicolo', Filippo"]
[Black "Salami, Marco"]
[WhiteElo "2060"]
[BlackElo "2203"]
[Result "1/2-1/2"]
[PlyCount "100"]
[EventDate "2010.12.04"]

1. e4 e6 2. d4 b6 3. Nc3 Bb7 4. Bd3 d6 5. Nf3 Nd7 6. O-O Ne7 7. Qe2 a6 8. d5 e5
9. Ne1 h6 10. f4 exf4 11. Bxf4 Ng6 12. Be3 Nde5 13. Nf3 Nxf3+ 14. gxf3 Qh4 15.
f4 Bc8 16. e5 Bg4 17. Qf2 Qh5 18. e6 Be7 19. exf7+ Kf8 20. Bd4 Nh4 21. Be4 Nf5
22. Kh1 Bh4 23. Qd2 Kxf7 24. Bxf5 Qxf5 25. Qg2 Rhg8 26. Rg1 Bh5 27. Ne4 Rae8
28. Nc3 Re7 29. h3 Ke8 30. Raf1 Kd7 31. Kh2 g6 32. Qd2 Rge8 33. Rg2 Be1 34. Qc1
Qf7 35. f5 Bxc3 36. fxg6 Qxd5 37. Bxc3 Bf3 38. Rgf2 Re2 39. Qxh6 Qc5 40. Qh7+
Kc8 41. Qh4 Qd5 42. Qg3 Bh5 43. a3 R8e3 44. Qg2 Qxg2+ 45. Rxg2 Bxg6 46. Rff2
Rxf2 47. Rxf2 Kd7 48. h4 d5 49. Bf6 c5 50. Bg5 Re6 1/2-1/2

[Event "XXXI Memorial Edoardo Crespi A"]
[Site "Milano ITA"]
[Date "2010.12.04"]
[Round "1"]
[White "Pedroni, Marco"]
[Black "Iudicello, Giovanni"]
[WhiteElo "1989"]
[BlackElo "2158"]
[Result "0-1"]
[PlyCount "76"]
[EventDate "2010.12.04"]

1. e4 e5 2. Nf3 Nc6 3. d4 exd4 4. Nxd4 Nf6 5. Bg5 h6 6. Nxc6 bxc6 7. Bxf6 Qxf6
8. Nc3 Rb8 9. Na4 Rb4 10. c4 Rxa4 11. Qxa4 Qxb2 12. Be2 Qxa1+ 13. Bd1 Qc3+ 14.
Kf1 Bc5 15. g3 Qd2 16. Qc2 Qxc2 17. Bxc2 d6 18. Kg2 Be6 19. Rb1 Kd7 20. Bd3 d5
21. cxd5 cxd5 22. a4 Bb6 23. f4 dxe4 24. Bxe4 f5 25. Rd1+ Ke7 26. Bc6 Rd8 27.
Re1 Rd6 28. Bf3 Kf6 29. Re5 a5 30. h4 Bd7 31. Bb7 Bxa4 32. Bc8 Rd2+ 33. Kh3 Bd7
34. Ba6 g5 35. hxg5+ hxg5 36. Be2 Bd4 37. Rxa5 g4+ 38. Kh4 Rxe2 0-1

[Event "XXXI Memorial Edoardo Crespi A"]
[Site "Milano ITA"]
[Date "2010.12.04"]
[Round "1"]
[White "Salvador, Roland"]
[Black "Borin, Fabio"]
[WhiteElo "2527"]
[BlackElo "2141"]
[Result "1-0"]
[PlyCount "80"]
[EventDate "2010.12.04"]

1. d4 d6 2. g3 e5 3. Nf3 Nd7 4. Bg2 Ngf6 5. O-O Be7 6. b3 O-O 7. Bb2 e4 8. Ng5
d5 9. f3 Ng4 10. Nxf7 Rxf7 11. fxg4 Rxf1+ 12. Qxf1 Nf6 13. h3 Bd6 14. Qf2 h5
15. g5 Nh7 16. g6 Ng5 17. h4 e3 18. Qxe3 Ne4 19. Bxe4 dxe4 20. Qxe4 Bg4 21. Kg2
Qf8 22. Nd2 Re8 23. Qd5+ Kh8 24. e4 c6 25. Qg5 Be7 26. Qe3 Bb4 27. Rf1 Qd6 28.
c3 Ba5 29. Rf7 Qxg6 30. Rxb7 Bd8 31. Rb8 Bc7 32. Qg5 Qe6 33. Rxe8+ Qxe8 34. c4
Qf8 35. c5 Ba5 36. d5 Bxd2 37. Qxd2 Bf3+ 38. Kh2 Bxe4 39. dxc6 Kg8 40. c7 Bf5
1-0

[Event "XXXI Memorial Edoardo Crespi A"]
[Site "Milano ITA"]
[Date "2010.12.04"]
[Round "1"]
[White "Sbarra, Marco"]
[Black "Battistella, Stefano"]
[WhiteElo "2312"]
[BlackElo "2069"]
[Result "1/2-1/2"]
[PlyCount "81"]
[EventDate "2010.12.04"]

1. d4 d5 2. c4 c6 3. Nc3 Nf6 4. e3 g6 5. Bd2 Bg7 6. Nf3 O-O 7. h3 h6 8. Bd3 Na6
9. O-O c5 10. cxd5 cxd4 11. Nxd4 Nxd5 12. Bxa6 e5 13. Be2 exd4 14. exd4 Be6 15.
Bf3 Qd7 16. Bxd5 Bxd5 17. Be3 Kh7 18. Rc1 Rac8 19. Qd2 b6 20. Nxd5 Qxd5 21. b3
f5 22. Rxc8 Rxc8 23. Rc1 Rxc1+ 24. Qxc1 f4 25. Bxf4 Qxd4 26. Be3 Qe5 27. g3 h5
28. h4 Qd6 29. Qc4 Qd7 30. a4 Qd1+ 31. Kg2 Qd7 32. Qb5 Qb7+ 33. Kh2 Qe7 34. Qc6
Be5 35. Qd5 Qxh4+ 36. Kg2 Qe7 37. b4 Bg7 38. Qc4 Qb7+ 39. Kg1 Qd7 40. b5 Be5
41. Qe4 1/2-1/2

[Event "XXXI Memorial Edoardo Crespi A"]
[Site "Milano ITA"]
[Date "2010.12.04"]
[Round "1"]
[White "Solodovnichenko, Yuri"]
[Black "Tramalloni, Luca"]
[WhiteElo "2563"]
[BlackElo "2144"]
[Result "1-0"]
[PlyCount "99"]
[EventDate "2010.12.04"]

1. e4 e6 2. d4 d5 3. Nc3 Nf6 4. e5 Nfd7 5. f4 c5 6. Nf3 a6 7. Be3 Qb6 8. Na4
Qa5+ 9. c3 cxd4 10. b4 Qc7 11. Qxd4 Nc6 12. Qd2 b5 13. Nb2 f6 14. exf6 Nxf6 15.
Bd3 Bd6 16. a4 Rb8 17. axb5 axb5 18. O-O O-O 19. Nd4 Nxd4 20. Bxd4 e5 21. Ra7
Rb7 22. Rxb7 Bxb7 23. fxe5 Bxe5 24. Bxe5 Qxe5 25. Bxb5 Ng4 26. g3 Rxf1+ 27.
Bxf1 Ne3 28. Qe2 d4 29. Nc4 Qe4 30. Nxe3 dxe3 31. Qc4+ Kf8 32. Qc5+ Kf7 33.
Bc4+ Kg6 34. Qd6+ Kg5 35. Qd8+ Kh6 36. Qh4+ Qxh4 37. gxh4 Kh5 38. Bd3 h6 39. c4
Kxh4 40. c5 g5 41. b5 Bf3 42. c6 g4 43. c7 Bb7 44. Be4 Bc8 45. Kg2 e2 46. Kf2
Kh3 47. b6 Kxh2 48. b7 Bf5 49. Bxf5 g3+ 50. Kxe2 1-0

[Event "XXXI Memorial Edoardo Crespi A"]
[Site "Milano ITA"]
[Date "2010.12.04"]
[Round "1"]
[White "Tesic, Dragan"]
[Black "Cani, Gazmir"]
[WhiteElo "2403"]
[BlackElo "2113"]
[Result "1-0"]
[PlyCount "57"]
[EventDate "2010.12.04"]

1. d4 Nf6 2. c4 g6 3. Nf3 Bg7 4. g3 O-O 5. Bg2 d5 6. cxd5 Nxd5 7. O-O Nc6 8. e4
Nb6 9. d5 Na5 10. Nc3 c6 11. Bg5 h6 12. Bf4 cxd5 13. exd5 Nac4 14. Qe2 Bf5 15.
Rad1 Rc8 16. Nd4 Bd7 17. Nc6 bxc6 18. dxc6 e5 19. cxd7 Nxd7 20. Bc1 Qe7 21. Nb5
a6 22. Na7 Rc7 23. Nc6 Qc5 24. b4 Qb5 25. a4 Qxa4 26. Qxc4 Nb8 27. Rd6 Rfc8 28.
Ne7+ Kf8 29. Nxc8 1-0

[Event "XXXI Memorial Edoardo Crespi A"]
[Site "Milano ITA"]
[Date "2010.12.04"]
[Round "1"]
[White "Tratar, Marko"]
[Black "Salmoiraghi, Angelo"]
[WhiteElo "2492"]
[BlackElo "2139"]
[Result "1-0"]
[PlyCount "55"]
[EventDate "2010.12.04"]

1. Nf3 d5 2. d4 Nf6 3. c4 c6 4. e3 g6 5. Nc3 Bg7 6. Be2 O-O 7. O-O Be6 8. cxd5
cxd5 9. Ne5 Bc8 10. Bd2 Nfd7 11. Nxd7 Qxd7 12. Qb3 e6 13. Rfc1 Nc6 14. Bb5 Qd8
15. Bxc6 bxc6 16. Na4 Qc7 17. Bb4 Re8 18. Qa3 Ba6 19. Nc5 Bc8 20. Nd3 f6 21.
Ba5 Qd7 22. Qc3 Ba6 23. Nc5 Qc8 24. Bb4 Rb8 25. Nb3 Bb7 26. Bd6 Ra8 27. Na5 Rd8
28. Nxc6 1-0

[Event "XXXI Memorial Edoardo Crespi A"]
[Site "Milano ITA"]
[Date "2010.12.04"]
[Round "1"]
[White "Virzi, Ettore"]
[Black "Tonndorf, Matthias"]
[WhiteElo "2000"]
[BlackElo "2169"]
[Result "0-1"]
[PlyCount "66"]
[EventDate "2010.12.04"]

1. e4 c5 2. Nf3 e6 3. d4 cxd4 4. Nxd4 a6 5. Bd3 Bc5 6. Nb3 Ba7 7. Qe2 Ne7 8.
Nc3 Nbc6 9. Be3 O-O 10. O-O Qc7 11. Bxa7 Rxa7 12. Qe3 d6 13. a4 Ra8 14. a5 e5
15. f4 exf4 16. Rxf4 Be6 17. Nd5 Bxd5 18. exd5 Ne5 19. Rh4 N7g6 20. Rh5 Qd7 21.
Bf5 Qb5 22. Rd1 Rfe8 23. Qh3 h6 24. Bxg6 fxg6 25. Rh4 Qe2 26. Rc1 Rf8 27. Qg3
Rac8 28. Re1 Qxc2 29. Nd4 Qd2 30. Ne6 Rc1 31. Rhe4 Rfc8 32. h4 Qxd5 33. Nf4
Qxe4 0-1

[Event "XXXI Memorial Edoardo Crespi A"]
[Site "Milano ITA"]
[Date "2010.12.04"]
[Round "1"]
[White "Zanetti, Alberto"]
[Black "Loehnhardt, Benjamin"]
[WhiteElo "2199"]
[BlackElo "2042"]
[Result "1/2-1/2"]
[PlyCount "70"]
[EventDate "2010.12.04"]

1. f4 e6 2. Nf3 b6 3. g3 Bb7 4. Bg2 f5 5. b3 Nf6 6. Bb2 g6 7. c4 Bg7 8. Nc3 O-O
9. O-O Ne4 10. Qc2 Nxc3 11. Bxc3 Bxc3 12. Qxc3 Qe7 13. d3 d6 14. e4 fxe4 15.
dxe4 Nd7 16. Rae1 e5 17. Ng5 a5 18. a3 Nc5 19. b4 axb4 20. axb4 Ne6 21. Nxe6
Qxe6 22. f5 Qd7 23. g4 g5 24. Qd2 h6 25. h4 Qg7 26. h5 Ra4 27. Ra1 Rfa8 28. Qc3
Qf7 29. Rxa4 Rxa4 30. Rc1 c5 31. b5 Ra8 32. Kf2 Qf6 33. Ke3 Kf8 34. Ra1 Qd8 35.
Ra3 Kf7 1/2-1/2

[Event "XXXI Memorial Edoardo Crespi A"]
[Site "Milano ITA"]
[Date "2010.12.05"]
[Round "2"]
[White "Agrifoglio, Fabio"]
[Black "Gori, Andrea"]
[WhiteElo "1999"]
[BlackElo "2116"]
[Result "1-0"]
[PlyCount "80"]
[EventDate "2010.12.04"]

1. d4 Nf6 2. c4 c5 3. d5 b5 4. cxb5 a6 5. b6 d6 6. a4 Qxb6 7. a5 Qb4+ 8. Nc3 g6
9. Ra4 Qb7 10. e4 Bg7 11. Bc4 Bd7 12. Ra2 Qb4 13. Qd3 O-O 14. f4 Ne8 15. Nf3
Nc7 16. Bd2 Qb7 17. O-O Bb5 18. b3 Nd7 19. Re1 Ra7 20. Ne2 Rb8 21. Bc3 Nf6 22.
Ng3 Bd7 23. Rae2 Nb5 24. Bb2 Qc7 25. Qd2 Rab7 26. f5 Na7 27. e5 Ne8 28. fxg6
hxg6 29. exd6 exd6 30. Re7 Qd8 31. Qf4 f6 32. Qe3 Bf8 33. Re4 Ng7 34. Qc3 Kf7
35. Rf4 Nf5 36. Nxf5 gxf5 37. Nh4 Bh6 38. Rf2 f4 39. Rfe2 Bg5 40. Nf3 Kg6 1-0

[Event "XXXI Memorial Edoardo Crespi A"]
[Site "Milano ITA"]
[Date "2010.12.05"]
[Round "2"]
[White "Aranovitch, Emiliano"]
[Black "Ricci, Marco"]
[WhiteElo "2335"]
[BlackElo "2061"]
[Result "1-0"]
[PlyCount "53"]
[EventDate "2010.12.04"]

1. e4 e6 2. d4 d5 3. Nc3 Nf6 4. Bg5 Bb4 5. e5 h6 6. Be3 Ne4 7. Qg4 g6 8. a3
Bxc3+ 9. bxc3 c5 10. Bd3 h5 11. Qh3 Nxc3 12. dxc5 d4 13. Bd2 Nd7 14. Nf3 Nxc5
15. O-O Nxd3 16. cxd3 Qd5 17. Qh4 Rg8 18. Rfe1 Bd7 19. Nxd4 Rc8 20. Nf3 Qb3 21.
Bxc3 Qxc3 22. Ng5 Kf8 23. Nh7+ Kg7 24. Nf6 Rgd8 25. Qg5 Kf8 26. Nxd7+ Rxd7 27.
Rac1 1-0

[Event "XXXI Memorial Edoardo Crespi A"]
[Site "Milano ITA"]
[Date "2010.12.05"]
[Round "2"]
[White "Battistella, Stefano"]
[Black "Nicolo', Filippo"]
[WhiteElo "2069"]
[BlackElo "2060"]
[Result "1-0"]
[PlyCount "59"]
[EventDate "2010.12.04"]

1. c4 f5 2. Nc3 Nf6 3. g3 d6 4. Bg2 g6 5. d3 Bg7 6. e4 fxe4 7. dxe4 O-O 8. Nge2
c5 9. O-O Nc6 10. h3 e5 11. f4 Be6 12. Nd5 Qd7 13. Kh2 Rae8 14. Qd3 Nh5 15. Rb1
Kh8 16. Bd2 Nd4 17. Nxd4 cxd4 18. Rf2 Rf7 19. Rbf1 Ref8 20. g4 Nxf4 21. Nxf4
exf4 22. Kg1 g5 23. b3 Bxg4 24. hxg4 Qxg4 25. Bb4 Be5 26. Bxd6 Bxd6 27. Qxd4+
Kg8 28. Qxd6 f3 29. Qd5 fxg2 30. Rxg2 1-0

[Event "XXXI Memorial Edoardo Crespi A"]
[Site "Milano ITA"]
[Date "2010.12.05"]
[Round "2"]
[White "Bellia, Fabrizio"]
[Black "Mertens, Heiko"]
[WhiteElo "2399"]
[BlackElo "2320"]
[Result "1-0"]
[PlyCount "120"]
[EventDate "2010.12.04"]

1. e4 c5 2. Nf3 Nc6 3. d4 cxd4 4. Nxd4 Nf6 5. Nc3 e6 6. Ndb5 d6 7. Bf4 e5 8.
Bg5 a6 9. Na3 b5 10. Nd5 Be7 11. Bxf6 Bxf6 12. c3 O-O 13. Nc2 Rb8 14. Be2 Bg5
15. O-O Ne7 16. Ncb4 Bb7 17. Qd3 Ng6 18. g3 a5 19. Nc2 Ne7 20. Nce3 Bxe3 21.
Nxe3 Qb6 22. a4 bxa4 23. Rxa4 Bc6 24. Nc4 Qc7 25. Rxa5 Rxb2 26. Nxb2 Qxa5 27.
Nc4 Qa2 28. Nxd6 Rd8 29. Qc4 Qxc4 30. Nxc4 Bxe4 31. Nxe5 f6 32. Nc4 Kf8 33. Rc1
Nd5 34. Na3 Ke7 35. Nb5 Nb6 36. c4 Na4 37. Nc3 Nxc3 38. Rxc3 Bc6 39. Re3+ Kd6
40. Rd3+ Kc7 41. f4 Re8 42. Kf2 Kb6 43. Bf3 Bxf3 44. Kxf3 Re7 45. Rd5 Kc6 46.
h4 g6 47. h5 Kc7 48. c5 Re6 49. Kg4 Kc6 50. Rd1 Kc7 51. Ra1 f5+ 52. Kg5 Re3 53.
Kh4 Rc3 54. Ra7+ Kc6 55. h6 Rxc5 56. Rxh7 Kd5 57. Rg7 Ke4 58. h7 Rc1 59. Kg5
Rh1 60. Kxg6 Kd5 1-0

[Event "XXXI Memorial Edoardo Crespi A"]
[Site "Milano ITA"]
[Date "2010.12.05"]
[Round "2"]
[White "Borin, Fabio"]
[Black "Brunello, Roberta"]
[WhiteElo "2141"]
[BlackElo "2063"]
[Result "0-1"]
[PlyCount "60"]
[EventDate "2010.12.04"]

1. d4 d5 2. c4 e6 3. Nc3 Nf6 4. cxd5 exd5 5. Bg5 Be7 6. e3 Nbd7 7. Qc2 O-O 8.
Bd3 Re8 9. Nge2 Nf8 10. Bxf6 Bxf6 11. b4 c6 12. O-O g6 13. Rab1 b5 14. a4 a6
15. Nc1 Qd6 16. N3a2 Bd8 17. Nb3 Bc7 18. g3 Ne6 19. Rfc1 Bd7 20. h4 g5 21.
Bxh7+ Kg7 22. h5 Rh8 23. h6+ Kxh6 24. Kg2 Kg7 25. Rh1 bxa4 26. Nd2 a3 27. Nf3
Qe7 28. Rh5 g4 29. Nh4 Nf8 30. Qf5 Rxh7 0-1

[Event "XXXI Memorial Edoardo Crespi A"]
[Site "Milano ITA"]
[Date "2010.12.05"]
[Round "2"]
[White "Colovic, Aleksandar"]
[Black "Garano, Nicola"]
[WhiteElo "2457"]
[BlackElo "2171"]
[Result "1-0"]
[PlyCount "100"]
[EventDate "2010.12.04"]

1. c4 e5 2. g3 Nc6 3. Bg2 g6 4. Nc3 Bg7 5. e4 d6 6. Nge2 Be6 7. d3 Qd7 8. Nd5
Nd4 9. Nxd4 exd4 10. Qb3 Rb8 11. Nf4 Ne7 12. Nxe6 Qxe6 13. Qa4+ Nc6 14. b4 O-O
15. O-O Ne5 16. Qc2 Qe7 17. h3 Nc6 18. Bd2 Ne5 19. Rae1 Nd7 20. Bc1 Kh8 21. Kh2
Rfc8 22. f4 b5 23. a4 a6 24. Ba3 c5 25. bxc5 dxc5 26. axb5 axb5 27. cxb5 Rxb5
28. Qa4 Rbb8 29. e5 Qe6 30. Rb1 h5 31. h4 Rb6 32. Rxb6 Nxb6 33. Qa7 Qb3 34. Rc1
Na4 35. Qd7 Rf8 36. Bxc5 Nxc5 37. Rxc5 Qxd3 38. Rd5 Rb8 39. Rxd4 Qe3 40. Rd3
Qe2 41. Rd2 Qe1 42. Rd1 Qe2 43. Qd2 Qg4 44. Qd7 Qe2 45. Qd3 Qa2 46. Qd5 Qe2 47.
Rd2 Qe1 48. Rc2 Qe3 49. Qxf7 Rb3 50. Qxg6 Qa7 1-0

[Event "XXXI Memorial Edoardo Crespi A"]
[Site "Milano ITA"]
[Date "2010.12.05"]
[Round "2"]
[White "D'Alessio, Angelo"]
[Black "Burlando, Alessandro"]
[WhiteElo "2030"]
[BlackElo "2132"]
[Result "0-1"]
[PlyCount "54"]
[EventDate "2010.12.04"]

1. d4 Nf6 2. c4 g6 3. Nc3 Bg7 4. e4 d6 5. Nf3 O-O 6. Be2 e5 7. O-O Nc6 8. d5
Ne7 9. b4 Nh5 10. Re1 Nf4 11. Bxf4 exf4 12. Rc1 h6 13. c5 a6 14. Bc4 Bg4 15. h3
Bxf3 16. Qxf3 g5 17. Bf1 Ng6 18. Qd1 Be5 19. f3 Qf6 20. Ne2 a5 21. c6 b6 22. b5
h5 23. Qd3 Nh4 24. Kf2 g4 25. hxg4 hxg4 26. fxg4 Ng6 27. Ng1 Bd4+ 0-1